000 01202nam a2200289 a 4500
001 47167
003 BD-RjUL
005 20211209054253.0
008 160807s2005 caua bi 001 0 eng
020 _a1412915392 (pbk.)
035 _a(BD-RjUL)47286
040 _aDLC
_cDLC
_dBD-RjUL
_beng
041 _aeng
082 0 0 _a302
_223
_bAPP 2005
245 0 0 _aApplied social psychology :
_bunderstanding and addressing social and practical problems /
_cedited by Frank W. Schneider, Jamie A. Gruman, Larry M. Coutts.
260 _aThousand Oaks, Calif. :
_bSAGE Publications,
_c2005.
300 _axiii, 449 p. :
_bill. ;
_c26 cm.
504 _aIncludes bibliographical references (p. 374-420) and index.
650 0 _aSocial psychology.
_9143634
700 1 _aSchneider, Frank W.
_9143635
700 1 _aGruman, Jamie A.
_9143636
700 1 _aCoutts, Larry M.
_9143637
856 4 1 _3Table of contents only
_uhttp://www.loc.gov/catdir/toc/ecip051/2004023043.html
856 4 2 _3Publisher description
_uhttp://www.loc.gov/catdir/enhancements/fy0658/2004023043-d.html
856 4 2 _3Contributor biographical information
_uhttp://www.loc.gov/catdir/enhancements/fy0734/2004023043-b.html
942 _2ddc
_cBK
999 _c47167
_d47167